Giáo trình hóa học vô cơ
Giáo trình nghiên cứu chung về kim loại và các nguyên tố phân nhóm IA, IIA, và III, các nguyên tố phân nhóm phụ
Đã lưu trong:
| Hovedforfatter: | |
|---|---|
| Format: | Bog |
| Sprog: | Undetermined |
| Udgivet: |
Cần Thơ
Nxb. Đại học Cần thơ
2013
|
| Fag: | |
| Tags: |
Tilføj Tag
Ingen Tags, Vær først til at tagge denne postø!
|
| Thư viện lưu trữ: | Trung tâm Học liệu Trường Đại học Cần Thơ |
|---|
| LEADER | 00844nam a2200217Ia 4500 | ||
|---|---|---|---|
| 001 | CTU_181995 | ||
| 008 | 210402s9999 xx 000 0 und d | ||
| 020 | |c 26000 | ||
| 082 | |a 546 | ||
| 082 | |b Th523/P.2 | ||
| 100 | |a Nguyễn, Thị Thu Thuỷ | ||
| 245 | 0 | |a Giáo trình hóa học vô cơ | |
| 245 | 0 | |c Nguyễn Thị Thu Thủy, Ngô Quốc Luân (Biên soạn) | |
| 260 | |a Cần Thơ | ||
| 260 | |b Nxb. Đại học Cần thơ | ||
| 260 | |c 2013 | ||
| 520 | |a Giáo trình nghiên cứu chung về kim loại và các nguyên tố phân nhóm IA, IIA, và III, các nguyên tố phân nhóm phụ | ||
| 650 | |a Chemistry, Inorganic,Hóa học vô cơ | ||
| 650 | |x Vô cơ | ||
| 904 | |i Tuyến, Lê Thị Cẩm Giang | ||
| 980 | |a Trung tâm Học liệu Trường Đại học Cần Thơ | ||